000 00617nam a2200241Ia 4500
003 OSt
005 20220916111011.0
006 a|||||r|||| 00| 0
007 ta
008 220915b |||||||| |||| 00| 0 eng d
024 _a93734
037 _cTextbook
040 _beng
_aARTS
_cARTS
041 _aeng
082 _aU:6415:N3, 122G8
100 _aDevroey E
245 0 _aLe Bas Congo: artere vitale de notre colonie
260 _c1938
650 _aGEOGRAPHY
700 _a Vanderlinden R
942 _hU:6415:N3, 122G8
_cTB
_2CC
999 _c102989
_d102989